|
|
|
|
| LEADER |
00979pam a2200253 i 4500 |
| 001 |
806 |
| 003 |
BD-DhAAL |
| 005 |
20150304102745.0 |
| 008 |
150304s1980 mdua b 001 0 eng |
| 010 |
|
|
|a 79018812
|
| 020 |
|
|
|a 0839114796
|
| 040 |
|
|
|a DLC
|c DLC
|d DLC
|d BD-DhAAL
|
| 050 |
0 |
0 |
|a RJ496.L35
|b L36 1980
|
| 082 |
0 |
0 |
|a 618.9/28/55
|
| 245 |
0 |
0 |
|a Language disability in children :
|b assessment and remediation /
|c edited by F. Margaret Jones.
|
| 260 |
|
|
|a Baltimore :
|b University Park Press,
|c 1980.
|
| 300 |
|
|
|a xiv, 255 p. :
|b ill. ;
|c 24 cm.
|
| 504 |
|
|
|a Includes bibliographical references and index.
|
| 650 |
|
0 |
|a Language disorders in children.
|9 9033
|
| 650 |
|
2 |
|a Language disorders
|x In infancy and childhood.
|9 9034
|
| 700 |
1 |
|
|a Jones, F. Margaret.
|9 9035
|
| 942 |
|
|
|2 ddc
|c BK
|
| 999 |
|
|
|c 33875
|d 33875
|
| 952 |
|
|
|0 0
|1 0
|2 ddc
|4 0
|6 618_928550000000000_LAN
|7 0
|9 52871
|a SCL
|b SCL
|c GEN
|d 2015-03-04
|e Gift: The Asia Foundation
|l 0
|o 618.92855 LAN
|p 3020000806
|r 2015-03-04
|t 1
|w 2015-03-04
|y BK
|